Wszystkie państwa z Forza Horizon - Statystyki

Ogólne statystyki
  • Ten quiz został rozwiązany 229 razy
  • Średni wynik to 4 z 5
Statystyki odpowiedzi
Hint Odpowiedź % Poprawnych
FH 5 Meksyk
93%
FH 4 Wielka Brytania
92%
FH 1 Stany Zjednoczone
91%
FH 3 Australia
81%
FH 2 Francja
73%
Nie znaleziono quizów pasujących do podanych kryteriów
Rozkład punktacji
Procent ludzi z każdym wynikiem
Percentyl według liczby udzielonych odpowiedzi
Twoja historia wyników
Nie rozwiązałeś tego quizu